Home Sweet Home - Statistics

General Stats
  • This quiz has been taken 13 times
  • The average score is 11 of 24
Answer Stats
Hint Homes % Correct
Third Little Piggy's house was made of... Brick
83%
Count Dracula lived in a... Coffin
75%
Where Rapunzel hung out Tower
75%
The elderly live in... Nursing Home
67%
Cowboys call home, home on the... Range
67%
First Little Piggy's house was made of... Straw
67%
Place owned by Hitchcock psycho Bates Motel
58%
Second Little Piggy's house was made of... Stick
58%
Soldiers live in... Barracks
50%
Where King Arthur lived Camelot
50%
Captain Kirk's home away from home is the... Star Ship Enterprise
50%
Grand home built in honor of Mumtaz Mahal Taj Mahal
50%
Batman's dwelling is the... Bat Cave
42%
A witch lured Hansel and Gretel here Ginger Bread House
42%
"You can check out any time you like But you can never leave." Hotel California
42%
Scarlett O'Hara's home was... Tara Plantation
42%
Home of the Crawley aristocrats and their servants Downton Abbey
33%
Bruce Wayne's house is... Wayne Manor
33%
Home for the criminally insane in Gotham is... Arkham Asylum
25%
Marie Antoinette lived in... Versailles Palace
25%
The home of Bilbo Baggins is... Bag End
17%
Citizen Kane's estate Xanadu
8%
Home in San Simeon, California of William Randolph Hearst Hearst Castle
0%
The Pope lives in the... Papal Palace
0%
No matching quizzes found
Score Distribution
Percent of People with Each Score
Percentile by Number Answered
Your Score History
You have not taken this quiz